| 000 | 01676 a2200217 4500 | ||
|---|---|---|---|
| 001 | 30786 | ||
| 005 | 20260407155617.0 | ||
| 008 | 260407a1961 arg spa d | ||
| 003 | AR-UNSa-BCEJYS | ||
| 040 |
_aAR-UNSa-BCEJYS _bspa _cAR-UNSa-BCEJYS |
||
| 080 |
_a657 _xContabilidad |
||
| 245 | 1 | 0 | _aContabilidad interna de la industria |
| 264 | 1 |
_aMadrid : _bAguilar _c1961 |
|
| 300 |
_a307 p. _c22 cm. |
||
| 505 | _aPrimera parte: Tratamiento contable de los costes - 1. Concepto de los costes - 2. Principales problemas relativos al tratamiento contable de los costes - 3. Clases de costes - 4. Lugares de costes - 5. Portadores de costes - 6. Diferencias de cálculo - Segunda parte: El plan de cuentas - 7. Objeto del plan de cuentas - 8. Contenido, en principio, del plan de cuentas - 9. Clases de cuentas - 10. Elaboración del plan de cuentas - 11. Resumen de las propuestas más conocidas sobre elaboración de planes de cuentas - Tercera parte: Organización de la contabilidad financiera y de la explotación - 12. Puntos de vista sustentados respecto a la subdivisión de la contabilidad - 13. Formas de organización de la contabilidad financiera y de la explotación - Cuarta parte: Métodos de cálculo - 14. Observaciones preliminares - 15. Influencia de la clase de producción en la elección del método de cálculo - 16. Métodos de cálculo y su aplicación - 17. Esquemas de cálculos generalmente conocidos - 18. Valoración resumida de la importancia del cálculo en el control de la explotación | ||
| 942 | _cBK | ||
| 590 | _aniveau_biblio:m niveau_hierar:0 | ||
| 100 | 1 | _aHansen, Palle | |
| 700 | 1 | _aKoefoed, Arne | |
| 700 | 1 | _aSuarez Franck, Armando | |
| 999 |
_c2121 _d2121 |
||